| 000 | 00878nam a2200241 i 4500 | ||
|---|---|---|---|
| 001 | 68157 | ||
| 003 | ES-MaACL | ||
| 005 | 20250727033612.0 | ||
| 007 | t| | ||
| 008 | 040610s1968 sp |||| | spa d | ||
| 100 | 1 |
_aGaraudy, Roger. _953935 |
|
| 245 | 1 | 0 |
_aDel anatema al diálogo / _cRoger Garaudy ; con las ponencias de Karl Rahner y J.B. Metz ; [traductora de los textos franceses, B. Mira de Maragall ; traductor de los textos alemanes, Michael Faber-Kaiser]. |
| 250 | _a1ª ed. | ||
| 260 |
_a[Barcelona] : _bAriel, _c1968. |
||
| 300 |
_a173 p. ; _c18 cm. |
||
| 650 | 7 |
_aSocialismo y cristianismo _2embne _9140738 |
|
| 700 | 1 |
_aRahner, Karl, _d1904-1984 _995012 |
|
| 700 | 1 |
_aMetz, Johann Baptist. _980742 |
|
| 700 | 1 |
_aMira de Maragall, Basilia. _981476 |
|
| 700 | 1 |
_aFaber-Kaiser, Michael. _948510 |
|
| 852 |
_aES-MaACL _jC-50291 |
||
| 999 |
_c68157 _d68157 |
||